Top 10 Most Coach Wins in NHL History - Statistics

General Stats
  • This quiz has been taken 24 times
  • The average score is 6 of 10
Answer Stats
# Wins Years Teams Answer % Correct
1 1244 1968-02 STL, MTL, BUF, PIT, DET Scotty Bowman
100%
4 903* 1996-25 HFD, CAR, TOR, WPG, FLA Paul Maurice
80%
5 887* 1998-25 BUF, DAL, NJD Lindy Ruff
75%
2 969 1997-22 STL, COL, CHI, FLA Joel Quenneville
60%
9 767* 2000-25 NYR, TBL, VAN, CBJ, PHI John Tortorella
60%
7 835* 2002-25 NYI, CAR, PHI, NSH, WSH, NYR Peter Laviolette
60%
3 914 1999-22 NSH, WSH, NYI Barry Trotz
50%
10 737 1993-23 CHI, SJS, CGY, LAK Darryl Sutter
50%
8 782 1971-08 STL, NYR Al Arbour
45%
6 849 1996-19 DAL, PHI, CBJ, STl, EDM Ken Hitchcock
45%
No matching quizzes found
Score Distribution
Percent of People with Each Score
Percentile by Number Answered
Your Score History
You have not taken this quiz